Management contracting (Record no. 1129)

MARC details
000 -LEADER
fixed length control field 00794cab a2200217 4500
001 - CONTROL NUMBER
control field WB2303-08
008 - FIXED-LENGTH DATA ELEMENTS--GENERAL INFORMATION
fixed length control field 090401t1987 xxu||||| |||| 00| 0 eng d
035 ## - SYSTEM CONTROL NUMBER
System control number (Sirsi) u1924
041 ## - LANGUAGE CODE
Language code of text/sound track or separate title eng
245 ## - TITLE STATEMENT
Title Management contracting
260 ## - PUBLICATION, DISTRIBUTION, ETC.
Date of publication, distribution, etc. 1987
350 ## - PRICE (NR) (BK AM CF MU VM SE) [OBSOLETE]
Price 0
490 ## - SERIES STATEMENT
Series statement Building Trades Journal
Volume/sequential designation Vol 193 No 5688 15/1/87, p12
520 ## - SUMMARY, ETC.
Summary, etc. The latest Building Bulletin from Savory Milln suggests that many clients are more aware of the reduced risks enjoyed by management contractors, and it is becoming common to find contracts which make the management contractor liable for more risks.
650 ## - SUBJECT ADDED ENTRY--TOPICAL TERM
Topical term or geographic name entry element BUILT ENVIRONMENT-BUILDING CONTRACT FORMS
650 ## - SUBJECT ADDED ENTRY--TOPICAL TERM
Topical term or geographic name entry element FIXED FEES
650 ## - SUBJECT ADDED ENTRY--TOPICAL TERM
Topical term or geographic name entry element MANAGEMENT CONTRACTING
690 ## - LOCAL SUBJECT ADDED ENTRY--TOPICAL TERM (OCLC, RLIN)
Topical term or geographic name as entry element BUILT ENVIRONMENT
942 ## - ADDED ENTRY ELEMENTS (KOHA)
Suppress in OPAC 0
948 ## - LOCAL PROCESSING INFORMATION (OCLC); SERIES PART DESIGNATOR (RLIN)
c (OCLC) 04/03/1997
Holdings
Withdrawn status Lost status Source of classification or shelving scheme Damaged status Not for loan Home library Current library Shelving location Date acquired Total Checkouts Full call number Barcode Date last seen Copy number Price effective from Koha item type
    Dewey Decimal Classification     London London News article 14/09/1999   WB2303-08 1924-1001 06/08/2019 1 06/08/2019 News article